[Event "Sunnyvale 1000 GM Winter 01"]
[Site "Sunnyvale"]
[Date "2024.01.05"]
[Round "7"]
[White "Sheng, Joshua"]
[Black "Wang, Isaac"]
[Result "1/2-1/2"]
[WhiteElo "2461"]
[BlackElo "2316"]
[PlyCount "100"]
[EventDate "2024.01.02"]
[EventType "schev"]
[EventRounds "9"]
[EventCountry "USA"]
[SourceTitle "CB02_2024"]
[SourceDate "2024.01.10"]
[SourceVersion "1"]
[SourceVersionDate "2024.01.10"]
[SourceQuality "1"]

1. e4 c5 2. Nf3 e6 3. d4 cxd4 4. Nxd4 a6 5. c4 Nf6 6. Nc3 Bb4 7. Qd3 0-0 8. e5 Ne8 9. a3 Bxc3+ 10. Qxc3 d6 11. exd6 e5 12. Nf3 Nxd6 13. Be2 Nc6 14. 0-0 Qf6 15. b3 Bg4 16. Bb2 Rad8 17. Rae1 Ne4 18. Qe3 Bxf3 19. Bxf3 Nd2 20. Bd5 Nxf1 21. Rxf1 Qf4 22. Qb6 Nd4 23. Bxd4 exd4 24. Rd1 Qd6 25. Qxd6 Rxd6 26. Rxd4 Rfd8 27. g3 g6 28. Kf1 Kg7 29. Re4 b5 30. Re7 R8d7 31. Re8 bxc4 32. Bxc4 Rd1+ 33. Kg2 Ra1 34. Bxa6 Rxa3 35. Bc4 Ra2 36. Re3 Rb2 37. h4 Rdd2 38. Rf3 f5 39. h5 Kh6 40. hxg6 hxg6 41. Kg1 Kg5 42. Kg2 Rd4 43. Re3 Rdd2 44. Rf3 Kf6 45. g4 Kg5 46. gxf5 gxf5 47. Rg3+ Kf6 48. Rf3 Kg5 49. Rg3+ Kf6 50. Rf3 Kg5 1/2-1/2

[Event "Sunnyvale 1000 GM Winter 01"]
[Site "Sunnyvale"]
[Date "2024.01.04"]
[Round "5"]
[White "Sheng, Joshua"]
[Black "Guo, Andrew"]
[Result "1-0"]
[WhiteElo "2461"]
[BlackElo "2255"]
[PlyCount "65"]
[EventDate "2024.01.02"]
[EventType "schev"]
[EventRounds "9"]
[EventCountry "USA"]
[SourceTitle "CB02_2024"]
[SourceDate "2024.01.10"]
[SourceVersion "1"]
[SourceVersionDate "2024.01.10"]
[SourceQuality "1"]

1. e4 c5 2. Nf3 Nc6 3. Bb5 g6 4. Bxc6 dxc6 5. d3 Bg7 6. h3 Nf6 7. a4 Nd7 8. a5 e5 9. Nbd2 Nf8 10. Nc4 Qc7 11. Be3 Ne6 12. Qd2 0-0 13. Bh6 f6 14. Bxg7 Kxg7 15. 0-0 Nd4 16. Qd1 Be6 17. Nfd2 Rfd8 18. Ne3 Bf7 19. g3 b5 20. Kg2 a6 21. f4 exf4 22. Rxf4 c4 23. dxc4 bxc4 24. Rf2 Rab8 25. Qc1 Qe7 26. c3 Nb3 27. Nxb3 Qxe4+ 28. Kh2 Rxb3 29. Ng4 g5 30. Nxf6 Qe5 31. Ng4 Qc5 32. Rxf7+ Kxf7 33. Qf1+ 1-0

[Event "Sunnyvale 1000 GM Winter 01"]
[Site "Sunnyvale"]
[Date "2024.01.04"]
[Round "4"]
[White "Shivakumar, Shawnak"]
[Black "Sheng, Joshua"]
[Result "1/2-1/2"]
[WhiteElo "2307"]
[BlackElo "2461"]
[PlyCount "41"]
[EventDate "2024.01.02"]
[EventType "schev"]
[EventRounds "9"]
[EventCountry "USA"]
[SourceTitle "CB02_2024"]
[SourceDate "2024.01.10"]
[SourceVersion "1"]
[SourceVersionDate "2024.01.10"]
[SourceQuality "1"]

1. d4 e6 2. c4 b6 3. Nc3 Bb7 4. e4 Bb4 5. f3 f5 6. exf5 Nh6 7. fxe6 Nf5 8. Bd3 Qh4+ 9. Kf1 0-0 10. a3 Bxc3 11. bxc3 Ng3+ 12. hxg3 Qxh1 13. e7 Re8 14. Qe2 Nc6 15. Bg5 h6 16. d5 hxg5 17. dxc6 Bxc6 18. Bg6 Qh6 19. Bxe8 Rxe8 20. Re1 Qf6 21. g4 1/2-1/2

[Event "Sunnyvale 1000 GM Winter 01"]
[Site "Sunnyvale"]
[Date "2024.01.03"]
[Round "3"]
[White "Sheng, Joshua"]
[Black "Liu, Eric"]
[Result "1-0"]
[WhiteElo "2461"]
[BlackElo "2332"]
[PlyCount "95"]
[EventDate "2024.01.02"]
[EventType "schev"]
[EventRounds "9"]
[EventCountry "USA"]
[SourceTitle "CB02_2024"]
[SourceDate "2024.01.10"]
[SourceVersion "1"]
[SourceVersionDate "2024.01.10"]
[SourceQuality "1"]

1. e4 c5 2. Nf3 d6 3. d4 cxd4 4. Nxd4 Nf6 5. Bd3 Nc6 6. Be3 Ng4 7. Nxc6 bxc6 8. Bd2 e5 9. 0-0 Be7 10. c4 0-0 11. h3 Nf6 12. Bc3 Be6 13. Nd2 Nd7 14. Re1 g6 15. Bc2 f5 16. exf5 Bxf5 17. Nf1 a5 18. Ne3 Bxc2 19. Qxc2 Rf7 20. Rad1 Qb6 21. Ng4 Bf8 22. Re2 Nc5 23. Red2 Qc7 24. a3 a4 25. Bb4 Nb7 26. g3 Rf5 27. Qe4 Rc8 28. Kg2 Kh8 29. h4 Kg8 30. h5 Qg7 31. hxg6 Qxg6 32. f3 Rg5 33. Re2 Qg7 34. Rh1 h5 35. Bd2 Nc5 36. Qc2 e4 37. Bxg5 hxg4 38. f4 d5 39. cxd5 cxd5 40. Rd2 Qd7 41. Qd1 Nb3 42. Bf6 Qe6 43. Rxd5 e3 44. Bc3 Qe4+ 45. Kg1 e2 46. Rg5+ Kf7 47. Qd7+ Be7 48. Rg7+ 1-0

[Event "Sunnyvale 1000 GM Winter 12"]
[Site "Sunnyvale"]
[Date "2023.12.29"]
[Round "7"]
[White "Sheng, Joshua"]
[Black "Nathan, Nitish"]
[Result "1-0"]
[WhiteElo "2461"]
[BlackElo "2190"]
[PlyCount "59"]
[EventDate "2023.12.26"]
[EventType "schev"]
[EventRounds "9"]
[EventCountry "USA"]
[SourceTitle "CB01_2024"]
[SourceDate "2024.01.03"]
[SourceVersion "1"]
[SourceVersionDate "2024.01.03"]
[SourceQuality "1"]

1. e4 c5 2. Nf3 Nc6 3. Bb5 e6 4. Bxc6 bxc6 5. d3 Ne7 6. b3 Ng6 7. h4 h5 8. e5 Be7 9. Nbd2 d5 10. exd6 Bxd6 11. Bb2 f6 12. Nc4 Be7 13. Nfd2 e5 14. Qf3 Qd5 15. Qg3 Nf4 16. Ne3 Qf7 17. Qf3 Bd7 18. Ndc4 0-0 19. 0-0-0 Nd5 20. g4 hxg4 21. Nxg4 Kh8 22. h5 Bxg4 23. Qxg4 Rg8 24. Rdg1 Raf8 25. Kb1 Re8 26. Qf5 Ref8 27. Rg6 Nf4 28. Bc1 Qe6 29. h6 Qxf5 30. hxg7# 1-0

[Event "Sunnyvale 1000 GM Winter 12"]
[Site "Sunnyvale"]
[Date "2023.12.28"]
[Round "4"]
[White "Vemparala, Nikash"]
[Black "Sheng, Joshua"]
[Result "0-1"]
[WhiteElo "2192"]
[BlackElo "2461"]
[PlyCount "86"]
[EventDate "2023.12.26"]
[EventType "schev"]
[EventRounds "9"]
[EventCountry "USA"]
[SourceTitle "CB01_2024"]
[SourceDate "2024.01.03"]
[SourceVersion "1"]
[SourceVersionDate "2024.01.03"]
[SourceQuality "1"]

1. e4 c5 2. Nf3 d6 3. d4 cxd4 4. Nxd4 Nf6 5. Nc3 Nc6 6. Bg5 Bd7 7. Qd3 Rc8 8. Nxc6 Bxc6 9. 0-0-0 Qa5 10. f4 e6 11. Bxf6 gxf6 12. Kb1 a6 13. f5 b5 14. fxe6 fxe6 15. Qh3 Bd7 16. Qh5+ Kd8 17. e5 fxe5 18. Ne4 Rc6 19. Ng5 Kc8 20. Bd3 Be7 21. Nxh7 Qd8 22. Rhf1 Qg8 23. Qf7 Qxf7 24. Rxf7 Bd8 25. g4 d5 26. Rf8 Rxf8 27. Nxf8 Be7 28. Nxd7 Kxd7 29. Bg6 Rc4 30. h3 Rf4 31. c3 Rf2 32. Rh1 Bh4 33. Rd1 Ke7 34. a4 e4 35. axb5 axb5 36. Kc1 Rh2 37. Rg1 e3 38. Bd3 e2 39. Bxe2 Rxe2 40. g5 Re1+ 41. Rxe1 Bxe1 42. Kc2 Bh4 43. g6 Kf6 0-1

[Event "Sunnyvale 1000 GM Winter 12"]
[Site "Sunnyvale"]
[Date "2023.12.27"]
[Round "3"]
[White "Sheng, Joshua"]
[Black "Deng, Henry"]
[Result "1/2-1/2"]
[WhiteElo "2461"]
[BlackElo "2281"]
[PlyCount "108"]
[EventDate "2023.12.26"]
[EventType "schev"]
[EventRounds "9"]
[EventCountry "USA"]
[SourceTitle "CB01_2024"]
[SourceDate "2024.01.03"]
[SourceVersion "1"]
[SourceVersionDate "2024.01.03"]
[SourceQuality "1"]

1. e4 c5 2. Nf3 e6 3. d3 Nc6 4. g3 d5 5. Nbd2 Nf6 6. Bg2 Be7 7. 0-0 b5 8. Re1 Rb8 9. Qe2 b4 10. exd5 exd5 11. Nb3 0-0 12. Bf4 Bd6 13. Bxd6 Qxd6 14. Qe3 Rb5 15. c4 bxc3 16. bxc3 Na5 17. d4 Nc4 18. Qe7 cxd4 19. Qxd6 Nxd6 20. cxd4 Nfe4 21. Ne5 Be6 22. f3 Nc3 23. Bf1 Rb4 24. Nd3 Rbb8 25. Ndc5 Rfe8 26. Rec1 Ncb5 27. Nxe6 fxe6 28. a4 Nc7 29. Na5 Na8 30. Nc6 Rb2 31. Nxa7 Nb6 32. Nb5 Ndc4 33. Re1 Re7 34. Nc3 Nd2 35. Be2 Ra7 36. f4 Rb4 37. Bg4 Nxa4 38. Bxe6+ Kf8 39. Kh1 Nb3 40. Nxd5 Rxd4 41. Ra3 Nbc5 42. Nb6 Re7 43. Nxa4 Rxa4 44. Rxa4 Nxa4 45. Ra1 Rxe6 46. Rxa4 Re2 47. Ra7 h6 48. Kg1 Rb2 49. h3 Rc2 50. f5 Rb2 51. g4 Rc2 52. Rd7 Rb2 53. Rd6 Kf7 54. Re6 Ra2 1/2-1/2

[Event "Sunnyvale 1000 GM Thanksgiving GM"]
[Site "Sunnyvale"]
[Date "2023.11.23"]
[Round "2"]
[White "Sheng, Joshua"]
[Black "Yu, Jiangwei"]
[Result "1-0"]
[WhiteElo "2454"]
[BlackElo "2366"]
[PlyCount "85"]
[EventDate "2023.11.22"]
[EventType "schev"]
[EventRounds "9"]
[EventCountry "USA"]
[SourceTitle "CB48_2023"]
[SourceDate "2023.11.29"]
[SourceVersion "1"]
[SourceVersionDate "2023.11.29"]
[SourceQuality "1"]

1. e4 c5 2. Nf3 d6 3. Bb5+ Bd7 4. c4 e5 5. Nc3 Ne7 6. d3 Nbc6 7. Ba4 Ng6 8. h4 h5 9. Nd5 Nce7 10. Bxd7+ Qxd7 11. Ng5 f6 12. Ne6 Rc8 13. Nxf8 Nxf8 14. f4 Nxd5 15. cxd5 exf4 16. Bxf4 Ng6 17. Bg3 Ne5 18. Bxe5 fxe5 19. 0-0 Ke7 20. Qd2 Qg4 21. Qa5 a6 22. b4 Qd7 23. bxc5 Rxc5 24. Qd2 Qg4 25. Rab1 b5 26. Qf2 Qf4 27. Qe1 Qg4 28. Rf3 Rc2 29. Rg3 Re2 30. Rxg4 Rxe1+ 31. Rxe1 hxg4 32. Rc1 Kd7 33. Rc6 Ra8 34. Kf2 a5 35. Kg3 b4 36. Rb6 Rc8 37. Ra6 Rc5 38. Ra7+ Kc8 39. h5 Kb8 40. Rxg7 a4 41. h6 b3 42. axb3 axb3 43. Rg8+ 1-0

[Event "Sunnyvale 1000 GM 10"]
[Site "Sunnyvale"]
[Date "2023.10.14"]
[Round "7"]
[White "Sheng, Joshua"]
[Black "Yu, Jiangwei"]
[Result "1/2-1/2"]
[WhiteElo "2456"]
[BlackElo "2328"]
[PlyCount "97"]
[EventDate "2023.10.06"]
[EventType "schev"]
[EventRounds "10"]
[EventCountry "USA"]
[SourceTitle "Mega2024 Update 01"]
[Source "Chessbase"]
[SourceDate "2023.11.12"]
[SourceVersion "1"]
[SourceVersionDate "2023.11.12"]
[SourceQuality "1"]

1. e4 c5 2. Nf3 d6 3. d4 cxd4 4. Nxd4 Nf6 5. Nc3 a6 6. Bd3 g6 7. Be2 Bg7 8. Be3 Nc6 9. Qd2 Ng4 10. Bxg4 Bxg4 11. f3 Be6 12. Nd5 Bxd5 13. exd5 Ne5 14. b3 Rc8 15. 0-0 0-0 16. c4 Re8 17. Rad1 Nd7 18. Rfe1 Nf8 19. Bf2 Rc7 20. Re2 e5 21. dxe6 fxe6 22. Qe1 Qc8 23. Bg3 e5 24. Nc2 Rd7 25. Ne3 Ne6 26. Nd5 Rf7 27. f4 Nc7 28. fxe5 Nxd5 29. Rxd5 dxe5 30. h3 Rd7 31. Qd1 Qc5+ 32. Rxc5 Rxd1+ 33. Kh2 e4 34. Bf4 Bd4 35. Rd5 Bg1+ 36. Kg3 Rxd5 37. cxd5 Bc5 38. Bc7 Re7 39. d6 Rd7 40. Rxe4 Bxd6+ 41. Bxd6 Rxd6 42. Rb4 b5 43. a4 bxa4 44. bxa4 Kf7 45. Rb7+ Kf6 46. Ra7 h6 47. Kf3 Ke5 48. Ke3 Kd5 49. Kd3 1/2-1/2

[Event "Sunnyvale Silicon Valley Fall op"]
[Site "Sunnyvale"]
[Date "2023.09.03"]
[Round "7"]
[White "Ezra, Paul Chambers"]
[Black "Sheng, Joshua"]
[Result "1/2-1/2"]
[WhiteElo "2323"]
[BlackElo "2447"]
[PlyCount "133"]
[EventDate "2023.08.31"]
[EventType "swiss"]
[EventRounds "9"]
[EventCountry "USA"]
[SourceTitle "EXT 2024"]
[Source "ChessBase"]
[SourceDate "2023.10.10"]
[SourceVersion "1"]
[SourceVersionDate "2023.10.10"]
[SourceQuality "1"]

1. e4 c5 2. Nf3 e6 3. Nc3 a6 4. g3 b5 5. d4 cxd4 6. Nxd4 Bb7 7. Bg2 Nf6 8. Qe2 d6 9. 0-0 Nbd7 10. Nxe6 fxe6 11. e5 Bxg2 12. exf6 Qxf6 13. Kxg2 Be7 14. Re1 Kf7 15. Bg5 Qf5 16. g4 Qg6 17. Bxe7 Kxe7 18. Nd5+ Kf7 19. Nf4 Qf6 20. Nh5 Qh6 21. Rad1 e5 22. Ng3 Qg6 23. Ne4 Nf6 24. Nxd6+ Kg8 25. h3 h5 26. Nf5 Re8 27. Rd8 Kh7 28. Rxe8 Rxe8 29. Nh4 Qh6 30. Qf3 Qg5 31. Qf5+ Qxf5 32. gxf5 Kh6 33. Nf3 e4 34. Nd4 Re5 35. c3 Nd5 36. Kg3 g5 37. fxg6 Kxg6 38. Nf3 Re6 39. h4 Re7 40. Rd1 Nf6 41. Ng5 Kf5 42. Rd4 e3 43. Rf4+ Kg6 44. fxe3 Rxe3+ 45. Rf3 Re2 46. Rf2 Ne4+ 47. Nxe4 Rxe4 48. Rd2 Rg4+ 49. Kh3 Kf5 50. Rd5+ Kf4 51. Rxh5 Rg1 52. Rh6 Rh1+ 53. Kg2 Rb1 54. Rf6+ Kg4 55. Rf2 Re1 56. h5 Kxh5 57. Kf3 Kg5 58. Re2 Ra1 59. a3 Kf5 60. Rh2 Rb1 61. Ke3 Ke5 62. b4 Rb3 63. Rh5+ Kd6 64. Rh6+ Kd5 65. Rxa6 Rxc3+ 66. Kd2 Rh3 67. a4 1/2-1/2

[Event "Sunnyvale Silicon Valley Fall op"]
[Site "Sunnyvale"]
[Date "2023.09.03"]
[Round "6"]
[White "Sheng, Joshua"]
[Black "Margvelashvili, Giorgi"]
[Result "0-1"]
[WhiteElo "2447"]
[BlackElo "2534"]
[PlyCount "64"]
[EventDate "2023.08.31"]
[EventType "swiss"]
[EventRounds "9"]
[EventCountry "USA"]
[SourceTitle "EXT 2024"]
[Source "ChessBase"]
[SourceDate "2023.10.10"]
[SourceVersion "1"]
[SourceVersionDate "2023.10.10"]
[SourceQuality "1"]

1. e4 c6 2. Nf3 d5 3. d3 g6 4. e5 c5 5. c3 Bg4 6. Nbd2 Nc6 7. h3 Bxf3 8. Nxf3 e6 9. Be2 Nge7 10. 0-0 Nf5 11. Re1 h5 12. g3 Bh6 13. Bxh6 Rxh6 14. Qd2 Rh8 15. Qf4 Qc7 16. Bd1 0-0-0 17. Ba4 Kb8 18. a3 Nce7 19. g4 hxg4 20. hxg4 g5 21. Nxg5 Rdg8 22. d4 Ng6 23. Qd2 f6 24. gxf5 exf5 25. Bc2 fxg5 26. Bxf5 Qf7 27. Bg4 Qh7 28. f3 Qh4 29. Rad1 Nf4 30. Re2 Qh1+ 31. Kf2 Qh2+ 32. Ke3 Nxe2 0-1

[Event "Sunnyvale Silicon Valley Fall op"]
[Site "Sunnyvale"]
[Date "2023.09.01"]
[Round "2"]
[White "Sheng, Joshua"]
[Black "Ali Marandi, Cemil Can"]
[Result "1/2-1/2"]
[WhiteElo "2447"]
[BlackElo "2559"]
[PlyCount "47"]
[EventDate "2023.08.31"]
[EventType "swiss"]
[EventRounds "9"]
[EventCountry "USA"]
[SourceTitle "EXT 2024"]
[Source "ChessBase"]
[SourceDate "2023.10.10"]
[SourceVersion "1"]
[SourceVersionDate "2023.10.10"]
[SourceQuality "1"]

1. e4 e5 2. Nf3 Nc6 3. Bb5 a6 4. Ba4 Nf6 5. 0-0 Be7 6. d3 b5 7. Bb3 d6 8. Bd2 0-0 9. h3 Bb7 10. Re1 Re8 11. a4 b4 12. a5 d5 13. exd5 Nxd5 14. Nxe5 Nxe5 15. Rxe5 Bf6 16. Rxe8+ Qxe8 17. Bxd5 Bxd5 18. c4 Bc6 19. Bxb4 Bxb2 20. Ra2 Qe5 21. Qd2 Bd4 22. Nc3 Qf5 23. Rc2 Rd8 24. Nd5 1/2-1/2

[Event "Los Angeles Labor Day GM"]
[Site "Los Angeles"]
[Date "2022.09.04"]
[Round "8"]
[White "Sheng, Joshua"]
[Black "Khanin, Semen"]
[Result "1/2-1/2"]
[WhiteElo "2468"]
[BlackElo "2552"]
[PlyCount "21"]
[EventDate "2022.09.01"]
[EventType "tourn"]
[EventRounds "9"]
[EventCountry "USA"]
[EventCategory "8"]
[SourceTitle "CBM 210 Extra"]
[Source "ChessBase"]
[SourceDate "2022.11.30"]
[SourceVersion "1"]
[SourceVersionDate "2022.11.30"]
[SourceQuality "1"]

1. e4 e5 2. Nf3 Nc6 3. Bb5 Nf6 4. 0-0 Nxe4 5. d4 Nd6 6. dxe5 Nxb5 7. a4 Nbd4 8. Nxd4 Nxd4 9. Qxd4 d5 10. exd6 Qxd6 11. Qe4+ 1/2-1/2

[Event "Los Angeles Labor Day GM"]
[Site "Los Angeles"]
[Date "2022.09.03"]
[Round "6"]
[White "Sheng, Joshua"]
[Black "Schmakel, Sam A"]
[Result "1/2-1/2"]
[WhiteElo "2468"]
[BlackElo "2418"]
[PlyCount "48"]
[EventDate "2022.09.01"]
[EventType "tourn"]
[EventRounds "9"]
[EventCountry "USA"]
[EventCategory "8"]
[SourceTitle "CBM 210 Extra"]
[Source "ChessBase"]
[SourceDate "2022.11.30"]
[SourceVersion "1"]
[SourceVersionDate "2022.11.30"]
[SourceQuality "1"]

1. d4 Nf6 2. Nf3 d5 3. c4 e6 4. Nc3 dxc4 5. Bg5 Bb4 6. e4 c5 7. Bxc4 cxd4 8. Nxd4 Bxc3+ 9. bxc3 Qa5 10. Bxf6 Qxc3+ 11. Kf1 gxf6 12. Rc1 Qa5 13. Bb5+ Ke7 14. e5 fxe5 15. Qh5 Nd7 16. Qg5+ Kf8 17. Rxc8+ Rxc8 18. Bxd7 Qd8 19. Nxe6+ fxe6 20. Qh6+ Kf7 21. Qxe6+ Kg7 22. Qg4+ Kf6 23. Qe6+ Kg7 24. Qg4+ Kf7 1/2-1/2

[Event "US op 122nd"]
[Site "Rancho Mirage"]
[Date "2022.08.07"]
[Round "9"]
[White "Naroditsky, Daniel"]
[Black "Sheng, Joshua"]
[Result "1/2-1/2"]
[WhiteElo "2617"]
[BlackElo "2476"]
[PlyCount "138"]
[EventDate "2022.07.30"]
[EventType "swiss"]
[EventRounds "9"]
[EventCountry "USA"]
[SourceTitle "CBM 209 Extra"]
[Source "ChessBase"]
[SourceDate "2022.09.30"]
[SourceVersion "1"]
[SourceVersionDate "2022.09.30"]
[SourceQuality "1"]

1. e4 c5 2. Nf3 e6 3. d4 cxd4 4. Nxd4 a6 5. Bd3 Bc5 6. Nb3 Ba7 7. Qe2 Ne7 8. Be3 0-0 9. Nc3 b5 10. 0-0-0 b4 11. Na4 d6 12. e5 Bd7 13. exd6 Bxe3+ 14. Qxe3 Nd5 15. Qe4 g6 16. Nac5 a5 17. Nd4 Qc8 18. Nxd7 Nxd7 19. Bb5 N7f6 20. Qe5 a4 21. Rd3 Ra5 22. a3 Qc5 23. axb4 Qxb4 24. c4 Rxb5 25. cxb5 Qc4+ 26. Kd2 Nd7 27. Qe2 Nf4 28. Qe3 Nd5 29. Qe2 Nf4 30. Qe3 Nxg2 31. Qe2 Nf4 32. Qe3 Nd5 33. Qe2 Qb4+ 34. Kc2 Nf4 35. Qd2 Nxd3 36. Qxd3 Ne5 37. Qc3 Qxd6 38. f4 Qd5 39. Re1 Nc4 40. Kb1 Rd8 41. Nc6 Rd7 42. Ne5 Nxe5 43. Rxe5 Qd1+ 44. Ka2 Rd3 45. Re1 Qb3+ 46. Qxb3 Rxb3 47. Re4 Rxb5 48. Rxa4 Rf5 49. Rc4 Kf8 50. b4 Ke7 51. Kb3 Kd6 52. Ka4 e5 53. fxe5+ Rxe5 54. b5 Re2 55. h4 f5 56. b6 Rb2 57. Ka5 h6 58. Rf4 Kc6 59. Rc4+ Kd5 60. Rf4 h5 61. Rf1 Ke4 62. Re1+ Kd4 63. Rd1+ Ke3 64. Re1+ Kf2 65. Re6 f4 66. Rxg6 f3 67. Rg5 Ke3 68. Rxh5 f2 69. Rf5 Rb1 1/2-1/2

[Event "US op 122nd"]
[Site "Rancho Mirage"]
[Date "2022.08.04"]
[Round "6"]
[White "Akopian, Vladimir Eduardovic"]
[Black "Sheng, Joshua"]
[Result "1/2-1/2"]
[WhiteElo "2620"]
[BlackElo "2476"]
[PlyCount "77"]
[EventDate "2022.07.30"]
[EventType "swiss"]
[EventRounds "9"]
[EventCountry "USA"]
[SourceTitle "CBM 209 Extra"]
[Source "ChessBase"]
[SourceDate "2022.09.30"]
[SourceVersion "1"]
[SourceVersionDate "2022.09.30"]
[SourceQuality "1"]

1. e4 c5 2. Nf3 e6 3. d4 cxd4 4. Nxd4 a6 5. Bd3 Bc5 6. Nb3 Ba7 7. 0-0 Ne7 8. Qe2 0-0 9. Be3 Nbc6 10. c4 Bxe3 11. Qxe3 d5 12. cxd5 exd5 13. N1d2 dxe4 14. Bxe4 Bf5 15. Bf3 Re8 16. Rfe1 Nb4 17. Nd4 Qd7 18. Nxf5 Nxf5 19. Qc3 Nd3 20. Rxe8+ Rxe8 21. Nb3 Ne5 22. Be2 Rc8 23. Qb4 Nc6 24. Qg4 g6 25. Rd1 Qe7 26. Bf1 Rd8 27. Rxd8+ Qxd8 28. Qf4 Qf6 29. Qd2 Qe5 30. g3 Ncd4 31. Nxd4 Nxd4 32. Bg2 b6 33. Bb7 a5 34. Kg2 Qe7 35. Ba8 Qe8 36. Bd5 Qe5 37. Bb7 Qe7 38. Ba8 Qe8 39. Qd3 1/2-1/2

[Event "US op 122nd"]
[Site "Rancho Mirage"]
[Date "2022.08.02"]
[Round "4"]
[White "Eidelman, Gabriel"]
[Black "Sheng, Joshua"]
[Result "0-1"]
[WhiteElo "2209"]
[BlackElo "2476"]
[PlyCount "114"]
[EventDate "2022.07.30"]
[EventType "swiss"]
[EventRounds "9"]
[EventCountry "USA"]
[SourceTitle "CBM 209 Extra"]
[Source "ChessBase"]
[SourceDate "2022.09.30"]
[SourceVersion "1"]
[SourceVersionDate "2022.09.30"]
[SourceQuality "1"]

1. d4 e6 2. c4 b6 3. e4 Bb4+ 4. Bd2 Bxd2+ 5. Qxd2 Ne7 6. Nc3 d5 7. cxd5 exd5 8. e5 0-0 9. Bd3 c5 10. Nce2 Nbc6 11. h3 Bf5 12. Bxf5 Nxf5 13. Nf3 cxd4 14. Qf4 Qd7 15. Nexd4 Nfxd4 16. Nxd4 Nxe5 17. 0-0-0 Rfe8 18. Kb1 Ng6 19. Qf3 Re4 20. Ne2 Ne5 21. Qxe4 dxe4 22. Rxd7 Nxd7 23. Ng3 Re8 24. Re1 Nf6 25. Kc2 Kf8 26. Kc3 Nd5+ 27. Kd4 Nf4 28. Rxe4 Nxg2 29. Rxe8+ Kxe8 30. Nf5 g6 31. Nd6+ Ke7 32. Nc8+ Kd7 33. Nxa7 Nf4 34. h4 h5 35. Ke5 Ng2 36. Nb5 Nxh4 37. Nd4 Ng2 38. Nf3 h4 39. Kf6 Ke8 40. a4 h3 41. b4 Ne1 42. Nh2 Nd3 43. a5 b5 44. Kg5 Kd7 45. f3 Nxb4 46. Kh4 Nc6 47. a6 Kc7 48. Kxh3 Kb6 49. Kg4 f6 50. Nf1 Kxa6 51. Ne3 b4 52. f4 b3 53. Nd1 Kb5 54. f5 Ne5+ 55. Kf4 g5+ 56. Ke4 Kc5 57. Nb2 g4 0-1

[Event "US op 122nd"]
[Site "Rancho Mirage"]
[Date "2022.07.30"]
[Round "1"]
[White "Sheng, Joshua"]
[Black "Gartland, James"]
[Result "1-0"]
[WhiteElo "2476"]
[BlackElo "1631"]
[PlyCount "61"]
[EventDate "2022.07.30"]
[EventType "swiss"]
[EventRounds "9"]
[EventCountry "USA"]
[SourceTitle "CBM 209 Extra"]
[Source "ChessBase"]
[SourceDate "2022.09.30"]
[SourceVersion "1"]
[SourceVersionDate "2022.09.30"]
[SourceQuality "1"]

1. e4 c6 2. d4 d5 3. e5 c5 4. Nf3 Bg4 5. dxc5 Nc6 6. c3 Bxf3 7. Qxf3 Nxe5 8. Bb5+ Nc6 9. 0-0 e6 10. b4 g6 11. Bf4 Bg7 12. Nd2 Qf6 13. Nc4 Rd8 14. Na5 Nge7 15. Nxb7 Qxc3 16. Qxc3 Bxc3 17. Nxd8 Kxd8 18. Rab1 Kd7 19. Rfd1 f6 20. Rb3 Be5 21. Bxe5 fxe5 22. Ra3 Rb8 23. Rxa7+ Kd8 24. Bxc6 Nxc6 25. Rxh7 Rxb4 26. Rg7 Ne7 27. f3 Rc4 28. Rb1 Rxc5 29. Rb8+ Nc8 30. Rbb7 Na7 31. Rg8# 1-0

[Event "Charlotte CCCSA Spring GM-A"]
[Site "Charlotte"]
[Date "2022.05.07"]
[Round "7"]
[White "Sheng, Joshua"]
[Black "Korley, Kassa"]
[Result "0-1"]
[WhiteElo "2487"]
[BlackElo "2413"]
[PlyCount "128"]
[EventDate "2022.05.04"]
[EventType "tourn"]
[EventRounds "9"]
[EventCountry "USA"]
[EventCategory "8"]
[SourceTitle "CBM 208 Extra"]
[Source "ChessBase"]
[SourceDate "2022.07.31"]
[SourceVersion "1"]
[SourceVersionDate "2022.07.31"]
[SourceQuality "1"]

1. e4 e5 2. Bc4 Nf6 3. d3 c6 4. Nf3 d5 5. Bb3 Bb4+ 6. Bd2 Bxd2+ 7. Nbxd2 Nbd7 8. 0-0 0-0 9. Re1 Re8 10. d4 exd4 11. exd5 cxd5 12. Nxd4 Nc5 13. Nf1 Bd7 14. Ne3 Ba4 15. c3 Qd7 16. Bxa4 Nxa4 17. Qc2 g6 18. Rad1 b5 19. Qb3 a6 20. Ndc2 Re5 21. Nb4 Rae8 22. Rf1 Qe6 23. Qc2 Rc8 24. Qb1 Kg7 25. Nd3 Re4 26. Nc2 Qd6 27. f3 Re7 28. Rfe1 Rxe1+ 29. Rxe1 Nd7 30. Nd4 Ndc5 31. Nf2 h5 32. Re2 Qf6 33. a3 Nb7 34. Qe1 Nd6 35. Nd1 Nb6 36. Ne3 Kf8 37. Nec2 a5 38. Qf2 Nbc4 39. b3 Nb2 40. Qe1 Nd3 41. Qd2 Nf4 42. Re1 a4 43. g3 axb3 44. Ne3 Ne6 45. Nxd5 Nxd4 46. cxd4 Nc4 47. Qh6+ Qg7 48. Qf4 Rd8 49. Kh1 Kg8 50. Qg5 Rd6 51. Ne7+ Kh7 52. Qxb5 Qxd4 53. Nxg6 Kxg6 54. Qxb3 Qd3 55. Qxd3+ Rxd3 56. Kg2 Rxa3 57. Re4 Ne3+ 58. Kf2 Nf5 59. Kg2 Rd3 60. Kf2 Rd2+ 61. Kg1 Nd4 62. Re3 f6 63. Ra3 h4 64. gxh4 Kh5 0-1

[Event "Titled Tuesday intern op 26th Apr Late"]
[Site "Chess.com INT"]
[Date "2022.04.26"]
[Round "4"]
[White "Bryakin, Mikhail"]
[Black "Sheng, Joshua"]
[Result "0-1"]
[WhiteElo "2441"]
[BlackElo "2487"]
[PlyCount "82"]
[EventDate "2022.04.26"]
[EventType "swiss (blitz)"]
[EventRounds "11"]
[EventCountry "USA"]
[SourceTitle "CBM 208 Extra"]
[Source "ChessBase"]
[SourceDate "2022.07.31"]
[SourceVersion "1"]
[SourceVersionDate "2022.07.31"]
[SourceQuality "1"]

1. e4 c5 2. Nf3 e6 3. d4 cxd4 4. Nxd4 a6 5. Bd3 Bc5 6. Nb3 Ba7 7. 0-0 Ne7 8. Nc3 0-0 9. Qf3 Nbc6 10. Qg3 Nb4 11. Kh1 Nxd3 12. cxd3 d5 13. f4 b5 14. Ne2 dxe4 15. dxe4 f5 16. Be3 fxe4 17. Bxa7 Rxa7 18. Qe3 Rc7 19. Qxe4 Qd5 20. Qxd5 Nxd5 21. Rac1 Rcf7 22. g3 e5 23. Kg1 Bg4 24. Rf2 exf4 25. gxf4 Bxe2 26. Rxe2 Nxf4 27. Re3 g5 28. Nc5 Rc8 29. b4 Rc6 30. a3 h5 31. Rd1 g4 32. Re5 Nh3+ 33. Kg2 Rf2+ 34. Kg3 Rf3+ 35. Kh4 Nf4 36. Rg5+ Kf7 37. Rf5+ Kg6 38. Rg5+ Kh6 39. Rxh5+ Nxh5 40. Kxg4 Rf4+ 41. Kh3 Rg6 0-1